The castle of dark /

Although she leads an overprotected life with the two old hags, Lilune knows she possesses a special gift. When she calls the musician, Lir, to her prison-like castle, she must avail herself of the opportunity to escape and explore the world.

Bibliographic Details
Main Author: Lee, Tanith
Format: Book
Language:English
Published: London : Hodder Children's, 2001.
Series:Lee, Tanith. Castle of Dark series ; book one.
Hodder silver series.
Subjects:

MARC

Tag First Indicator Second Indicator Subfields
LEADER 00000cam a2200000 a 4500
001 in00003426331
005 20151206091652.0
008 020827s2001 enk j 000 f eng
015 |a GBA1-V4725 
019 |a 59469907 
020 |a 034084373X 
020 |a 9780340843734 
035 |a (OCoLC)ocm48025161 
035 |a (OCoLC)48025161  |z (OCoLC)59469907 
040 |a UKM  |b eng  |c UKM  |d OCLCQ  |d TXA  |d UtOrBLW 
049 |a TXAM 
082 0 4 |a 823.914  |2 21 
090 |a PR6062.E4163  |b C37 2001 
100 1 |a Lee, Tanith. 
245 1 4 |a The castle of dark /  |c Tanith Lee. 
264 1 |a London :  |b Hodder Children's,  |c 2001. 
300 |a 217 pages ;  |c 20 cm. 
336 |a text  |b txt  |2 rdacontent 
337 |a unmediated  |b n  |2 rdamedia 
338 |a volume  |b nc  |2 rdacarrier 
490 1 |a Hodder silver series 
490 1 |a [Castle of Dark series ;  |v book one] 
500 |a The Cushing Library/Science Fiction copy was used to compile Daughter of the night : an annotated Tanith Lee bibliography. 
520 |a Although she leads an overprotected life with the two old hags, Lilune knows she possesses a special gift. When she calls the musician, Lir, to her prison-like castle, she must avail herself of the opportunity to escape and explore the world. 
650 0 |a Musicians  |v Fiction. 
655 0 |a Young adult fiction. 
655 7 |a Fantasy fiction.  |2 gsafd 
800 1 |a Lee, Tanith.  |t Castle of Dark series ;  |v book one. 
830 0 |a Hodder silver series. 
948 |a cataloged  |b h  |c 2014/1/30  |d c  |e junters  |f 3:11:57 pm 
994 |a C0  |b TXA 
999 |a MARS 
999 f f |s 91488f37-a492-3f69-9f53-39b99ebbe20d  |i 8dc4ded2-0c3a-3158-8944-e1fd8ff78a7b  |t 0 
952 f f |p noncirc  |a Texas A&M University  |b College Station  |c Cushing Memorial Library & Archives  |d Cushing: Science Fiction (Does not check out)  |t 0  |e PR6062.E4163 C37 2001  |h Library of Congress classification  |i unmediated -- volume 
998 f f |a PR6062.E4163 C37 2001  |t 0  |l Cushing: Science Fiction (Does not check out)